Central Library OPAC University of Rajshahi

Rural development and the developing countries : (Record no. 4699)

MARC details
000 -LEADER
fixed length control field 00777nam a2200253 a 4500
001 - CONTROL NUMBER
control field 4699
003 - CONTROL NUMBER IDENTIFIER
rucl marc code BD-RjUL
005 - DATE AND TIME OF LATEST TRANSACTION
control field 20211208233935.0
008 - FIXED-LENGTH DATA ELEMENTS--GENERAL INFORMATION
fixed length control field 921105s1986 cn 000 0 eng d
020 ## - INTERNATIONAL STANDARD BOOK NUMBER
International Standard Book Number 0969235607 (pbk)
International Standard Book Number 0969235615 (hbk)
035 ## - SYSTEM CONTROL NUMBER
System control number (BD-RjUL)4734
040 ## - CATALOGING SOURCE
Original cataloging agency BD-RjUL
Language of cataloging eng
Transcribing agency BD-RjUL
041 ## - LANGUAGE CODE
Language code of text/sound track or separate title eng
082 ## - DEWEY DECIMAL CLASSIFICATION NUMBER
Edition number 23
Classification number 307.14091724
Author mark and year POR 1986
092 ## - LOCALLY ASSIGNED DEWEY CALL NUMBER (OCLC)
Classification number D0500695015
100 1# - MAIN ENTRY--PERSONAL NAME
Personal name Poostchi, Iraj.
9 (RLIN) 228447
245 10 - TITLE STATEMENT
Title Rural development and the developing countries :
Remainder of title an interdisciplinary introductory approach /
Statement of responsibility, etc. Iraj Poostchi
260 ## - PUBLICATION, DISTRIBUTION, ETC. (IMPRINT)
Place of publication, distribution, etc. Oshawa :
Name of publisher, distributor, etc. Alger,
Date of publication, distribution, etc. c1986
300 ## - PHYSICAL DESCRIPTION
Pagination xiv, 690 p. :
Illustrations ill. ;
Size 28 cm
650 #0 - SUBJECT ADDED ENTRY--TOPICAL TERM
Topical term or geographic name as entry element Rural development
Geographic subdivision Developing countries
9 (RLIN) 228448
942 ## - ADDED ENTRY ELEMENTS (KOHA)
Source of classification or shelving scheme Dewey Decimal Classification
Koha item type Books
Holdings
Lost status Source of classification or shelving scheme Damaged status Not for loan Collection code Permanent Location Current Location Shelving location Date acquired Total Checkouts Full call number Date last seen Copy number Koha item type
  Dewey Decimal Classification   Not For Loan Non-fiction Central Library, University of Rajshahi Central Library, University of Rajshahi Reading Room 31/01/1999   307.14091724 POR 1986 20/02/2019 C-1 Books